Consideraciones sobre ocupación industrial
Enregistré dans:
| Collectivité auteur: | |
|---|---|
| Format: | Livre |
| Langue: | espagnol |
| Publié: |
Santiago
CEPAL-ILPES
1973
|
| Édition: | 2a. ed |
| Collection: | Cuadernos del Instituto Latinoamericano de Planificación Económica y Social. Serie II, 8. Anticipos de Investigación
|
| Sujets: | |
| Tags: |
Ajouter un tag
Pas de tags, Soyez le premier à ajouter un tag!
|
MARC
| LEADER | 00000nam a2200000 a 4500 | ||
|---|---|---|---|
| 001 | UCQ2159 | ||
| 003 | CL-VaPUC | ||
| 008 | 980721e19730000CL |||||||||||||||||spa|d | ||
| 082 | 0 | 4 | |a 331.7 |b ILP |2 21 |
| 110 | 2 | |a ILPES |e author |9 416107 | |
| 245 | 1 | 0 | |a Consideraciones sobre ocupación industrial |
| 250 | |a 2a. ed | ||
| 300 | |a 92 p | ||
| 942 | |c BK | ||
| 945 | |d 19980721 00:00:00 |a crobeson | ||
| 260 | |a Santiago |b CEPAL-ILPES |c 1973 | ||
| 650 | 0 | |a Trabajo y empleo |9 315054 | |
| 650 | 7 | |a INDUSTRIA |2 CL-VaPUC |9 315110 | |
| 650 | 0 | |a Desarrollo económico y social |9 256320 | |
| 650 | 0 | |a Recursos humanos |9 228420 | |
| 583 | |a last modification |c 19980721 00:00:00 |k Rodrigo Vera | ||
| 490 | 0 | |a Cuadernos del Instituto Latinoamericano de Planificación Económica y Social. Serie II, 8. Anticipos de Investigación | |
| 999 | |c 273000 |d 272998 | ||